WHO technical report series; N.845 Information support for new public health action at district level

Uloženo v:
Podrobná bibliografie
Hlavní autor: OMS
Médium: Kniha
Jazyk:Undetermined
Vydáno: Geneva OMS 1994
Témata:
Tagy: Přidat tag
Žádné tagy, Buďte první, kdo otaguje tento záznam!
Thư viện lưu trữ: Trung tâm Học liệu Trường Đại học Cần Thơ
LEADER 00610nam a2200193Ia 4500
001 CTU_36909
008 210402s9999 xx 000 0 und d
082 |a 614 
082 |b T255/N.845 
100 |a OMS 
245 0 |a WHO technical report series; N.845 
245 0 |b Information support for new public health action at district level 
245 0 |c OMS 
260 |a Geneva 
260 |b OMS 
260 |c 1994 
650 |a community health services,infomation systems,public health administration 
904 |i Nguyễn Quang Điền, 000612 
980 |a Trung tâm Học liệu Trường Đại học Cần Thơ